Lo que el trabajo esconde (Registro nro. 304019)

Detalles MARC
000 -ENCABEZADO
Número de control [NR] 01153nam a2200313 a 4500
001 - NÚMERO DE CONTROL
control field ocn928379540
003 - IDENTIFICADOR DE CONTROL NÚMERO
control field OCoLC
005 - FECHA Y HORA DE LA ÚLTIMA TRANSACCIÓN
control field 20161021114030.0
008 - DE LONGITUD FIJA DE DATOS DE ELEMENTOS - INFORMACIÓN GENERAL
Elementos de longitud fija [NR] 160913s2005 sp gr 000 0 spa d
020 ## - NUMERO INTERNACIONAL NORMALIZADO PARA LIBROS [R]
Número Internacional Normalizado del libro [NR] 8493355569
020 ## - NUMERO INTERNACIONAL NORMALIZADO PARA LIBROS [R]
Número Internacional Normalizado del libro [NR] 9788493355562
040 ## - FUENTE DE CATALOGACION [NR]
Agencia de catalogación original [NR] Co-BoUCM
Idioma de catalogación [NR] spa
Quien Cataloga Edgar Pinilla
Quien Clasifica Edgar Pinilla
041 ## - CODIGO DE IDIOMA [R]
Código de idioma para texto/pista de sonido o título separado [R] Español
245 00 - MENCION DE TITULO [NR]
Título [NR] Lo que el trabajo esconde
Parte restante del título [NR] materiales para un replanteamiento de los análisis sobre el trabajo
Mención de responsabilidad, etc. [NR] textos de Bernard Lahire...[y otros] ; coordinadores de la edición Jorge García López...[y otros]
260 ## - PUBLICACION, DISTRIBUCION, ETC. (PIE DE IMPRENTA) [R]
Lugar de publicación, distribución, etc. [R] Madrid (España)
Nombre del editor, distribuidor, etc. [R] Traficantes de sueños
Fecha de publicación, distribución, etc. [R] 2005
300 ## - DESCRIPCION FISICA [R]
Extensión [R] 256 páginas
490 0# - MENCION DE SERIE [R]
Mención de serie [R] Bifurcaciones
Designación numérica/secuencial del volumen [NR] 1
650 04 - ASIENTO SECUNDARIO DE MATERIA - TERMINO TEMATICO [R]
Término temático o nombre geográfico como elemento de entrada [NR] Trabajo
Subdivisión general [R] Aspectos sociales
9 (RLIN) 51048
650 04 - ASIENTO SECUNDARIO DE MATERIA - TERMINO TEMATICO [R]
Término temático o nombre geográfico como elemento de entrada [NR] Filosofía del trabajo
9 (RLIN) 15802
690 #0 - ASUNTO AGREGADO LOCAL DE ENTRADA - TÉRMINO TEMÁTICO (OCLC, RLIN)
Acceso temático local Sociología
9 (RLIN) 386
700 1# - ASIENTO SECUNDARIO - NOMBRE PERSONAL [R]
Nombre personal [NR] Lahire, Bernard
9 (RLIN) 78837
700 1# - ASIENTO SECUNDARIO - NOMBRE PERSONAL [R]
Nombre personal [NR] Rolle, Pierre
9 (RLIN) 80064
700 1# - ASIENTO SECUNDARIO - NOMBRE PERSONAL [R]
Nombre personal [NR] Saunier, Pierre
9 (RLIN) 80065
700 1# - ASIENTO SECUNDARIO - NOMBRE PERSONAL [R]
Nombre personal [NR] Stroobants, Marcelle
9 (RLIN) 80066
700 1# - ASIENTO SECUNDARIO - NOMBRE PERSONAL [R]
Nombre personal [NR] García López, Jorge
Término de relación [R] editor
9 (RLIN) 80067
700 1# - ASIENTO SECUNDARIO - NOMBRE PERSONAL [R]
Nombre personal [NR] Lago Blasco, Jorge
Término de relación [R] editor
9 (RLIN) 80068
942 ## - ELEMENTOS DE ENTRADA AGREGADOS (KOHA)
Sistema de clasificación DEWEY
Tipo de ítem principal el descrito en 300a Libro
Tema principal Sociología
Edición 1
Clasificación 306.36
Parte restante de la signatura top. T758T
Título oculto en OPAC No
Existencias
Total préstamos Signatura topográfica Código de barras Última vez visto Ejemplar Costo de reposición Price effective from Tipo de ítem Perdido Sistema de clasificación Dañado No prestable Tipo de ítem específico Suprimido Ubicación habitual Ubicación actual Localización Fecha de creación Proveedor Forma de adquisición Costo
  306.36 T758T 100150161 09/12/2025 Ej.2 80582.00 09/09/2016 Libro   DEWEY     Libro   Claustro Claustro 2do piso 09/09/2016 37 Compra 80582.00
  306.36 T758T 100150160 09/12/2025 Ej.1 80582.00 09/09/2016 Libro   DEWEY     Libro   Claustro Claustro 2do piso 09/09/2016 37 Compra 80582.00